000 01301cam a22001935a 4500
001 L155391
008 120320s1780 xxk f 000 0 eng d
035 _a(Sirsi) u155391
041 0 _aeng
100 1 _aWyld, Samuel
245 0 4 _aThe practical surveyor
_bor the art of land-measuring made easy; shewing, by plain and familiar rules, how to survey any piece of land whatsoever, by the Plain-Table, Theodolite, or Circumferentor: or, by the Chain only. And how to Protract, Cast up, Reduce, and Divide the same. Likewise An easy Method of Protracting Observations made with the Meridian; and how to cast up the Content of any Plot of Land, by Reducing any Multangular Figure to one Triangle. To which is added, an appendix; shewing how to draw buildings, &c. in Perspective: Of Levelling; and also how to Measure standing Timber. By Samuel Wyld.
250 _aThe seventh edition. Corrected and enlarged by a careful hand, and illustrated with several copper-plates.
260 _aLondon
_bprinted for T. Caslon, Stationers-Court; G. Robinson, J. Bew, and R. Baldwin, Pater-Noster Row
_cM,DCC,LXXX. [1780]
300 _aviii, 191, [1] p., plates
_c8o
583 _aCondition reviewed
_c20120620
_lcondition level 1
651 4 _aGreat Britain
_y1707-
690 _aMeasurement
_96256
942 _n0
999 _c113534
_d113534